Statistics for Artists With Most 1980's #1s

Click here to take the quiz!

General Stats

  • This quiz has been taken 74 times
  • The average score is 5 of 10

Answer Stats

#Artist% Correct
9Michael Jackson
90%
7Madonna
88%
4Prince
48%
7Whitney Houston
45%
5Lionel Richie
40%
5George Michael
38%
4Stevie Wonder
36%
7Phil Collins
29%
4Bon Jovi
24%
5Hall & Oates
19%

Score Distribution

Percentile by Number Answered

Percent of People with Each Score

Your Score History

You have not taken this quiz